The Recipe Book Practical Ideas for the Language Classroom

Guardado en:
Detalles Bibliográficos
Formato: Libro
Lenguaje:inglés
Publicado: Harlow : Longman Group UK, 1991
Edición:1. Edition
Etiquetas: Agregar Etiqueta
Sin Etiquetas, Sea el primero en etiquetar este registro!

MARC

LEADER 00000nam a22000003a 4500
001 stu31984
005 20150408180949.4
008 950221s1991----uk------------------eng-d
020 |a 0-582-03764-6 
040 |a STU  |b slo 
041 0 |a eng 
044 |a uk 
080 |a 802.0 
245 |a The Recipe Book Practical Ideas for the Language Classroom 
250 |a 1. Edition 
260 |a Harlow :  |b Longman Group UK,  |c 1991 
300 |a 92 s 
996 |b J88127  |c J*88127  |l JJK17  |s P  |a 0  |w stu31984_0001